<?xml version="1.0" encoding="UTF-8"?>
<record
    xmlns:xsi="http://www.w3.org/2001/XMLSchema-instance"
    xsi:schemaLocation="http://www.loc.gov/MARC21/slim http://www.loc.gov/standards/marcxml/schema/MARC21slim.xsd"
    xmlns="http://www.loc.gov/MARC21/slim">

  <leader>02004nam a2200289 a 4500</leader>
  <controlfield tag="001">BRCA_3435</controlfield>
  <controlfield tag="005">20190320204300.0</controlfield>
  <datafield tag="041" ind1=" " ind2=" ">
    <subfield code="a">ita</subfield>
  </datafield>
  <datafield tag="044" ind1=" " ind2=" ">
    <subfield code="a">it</subfield>
  </datafield>
  <datafield tag="084" ind1=" " ind2=" ">
    <subfield code="a">724</subfield>
    <subfield code="b">.A49</subfield>
    <subfield code="c">1818</subfield>
  </datafield>
  <datafield tag="100" ind1="1" ind2=" ">
    <subfield code="a">Cervantes Saavedra, Miguel de</subfield>
    <subfield code="d">1547-1616</subfield>
    <subfield code="9">213</subfield>
  </datafield>
  <datafield tag="245" ind1="1" ind2="0">
    <subfield code="a">L&#xB4;Ingegnoso Cittadino Don Chisciotte della Mancia</subfield>
    <subfield code="c">Opera di Michele di Cervantes Saavedra ; Traduzione nuovissima dall&#xB4;originale spagnolo, colla Vita dell&#xB4; Autore da Bartolomeo Gamba.</subfield>
  </datafield>
  <datafield tag="260" ind1=" " ind2=" ">
    <subfield code="a">Venecia</subfield>
    <subfield code="b">Alvisopoli</subfield>
    <subfield code="c">1818-19</subfield>
  </datafield>
  <datafield tag="300" ind1=" " ind2=" ">
    <subfield code="a">4 v. en 8 tomos</subfield>
    <subfield code="b">il.</subfield>
    <subfield code="c">16 cm.</subfield>
  </datafield>
  <datafield tag="500" ind1=" " ind2=" ">
    <subfield code="a">Contenido : v.1-2. Primera parte. Advertencia de los editores. Relaci&#xF3;n de la vida y obras de Cervantes tomada de Pellicer y Quintana. Dedicatoria y pr&#xF3;logo del autor. 1818. -- v.3-4. Primera parte. Texto. 1818. -- v.5-6. Segunda parte. Dedicatoria y pr&#xF3;logo del autor. 1819. -- v.7-8. Segunda parte. Texto. 1819</subfield>
  </datafield>
  <datafield tag="500" ind1=" " ind2=" ">
    <subfield code="a">Traducci&#xF3;n de Bartolomeo Gamba que sigui&#xF3; el texto de la edici&#xF3;n madrile&#xF1;a de 1608 (Cuesta), el cual reproduce, salvo en contados casos, con bastante fidelidad. Su estilo es fluido y elegante y los poemas est&#xE1;n traducidos con refinado gusto. Tambi&#xE9;n suprime los versos preliminares; en cambio, merece elogios por haber vertido al italiano las dedicatorias cervantinas de ambas partes y el pr&#xF3;logo de la segunda. Datos sobre la vida de Cervantes est&#xE1;n tomados de Pellicer y Quintana. Pulcramente impresa con finos tipos. Va adornada con l&#xE1;minas dibujadas y grabadas por F. Novelli. Semipiel; lomos y planos decorados con dorados L&#xFA;dovik Osterc</subfield>
  </datafield>
  <datafield tag="500" ind1=" " ind2=" ">
    <subfield code="a">QM544</subfield>
  </datafield>
  <datafield tag="546" ind1=" " ind2=" ">
    <subfield code="a">Texto en : italiano</subfield>
  </datafield>
  <datafield tag="650" ind1="1" ind2="4">
    <subfield code="a">Novela espa&#xF1;ola</subfield>
    <subfield code="y">&#xC9;poca cl&#xE1;sica, 1500-1700</subfield>
    <subfield code="9">215</subfield>
  </datafield>
  <datafield tag="650" ind1="1" ind2="4">
    <subfield code="a">Literatura espa&#xF1;ola</subfield>
    <subfield code="y">&#xC9;poca cl&#xE1;sica, 1500-1700</subfield>
    <subfield code="9">216</subfield>
  </datafield>
  <datafield tag="650" ind1="1" ind2="4">
    <subfield code="a">Novela espa&#xF1;ola</subfield>
    <subfield code="y">Siglo XVII</subfield>
    <subfield code="9">217</subfield>
  </datafield>
  <datafield tag="650" ind1="1" ind2="4">
    <subfield code="a">Don Quijote (Personaje ficticio)</subfield>
    <subfield code="e">Novela</subfield>
    <subfield code="9">218</subfield>
  </datafield>
  <datafield tag="700" ind1="1" ind2=" ">
    <subfield code="a">Gamba, Bartolomeo</subfield>
    <subfield code="d">1766-1841</subfield>
    <subfield code="e">Traductor</subfield>
    <subfield code="9">8995</subfield>
  </datafield>
  <datafield tag="740" ind1="0" ind2=" ">
    <subfield code="a">El Ingenioso Hidalgo Don Quijote de la Mancha</subfield>
  </datafield>
  <datafield tag="902" ind1=" " ind2=" ">
    <subfield code="a">QFM</subfield>
  </datafield>
  <datafield tag="942" ind1=" " ind2=" ">
    <subfield code="2">lcc</subfield>
    <subfield code="c">B</subfield>
  </datafield>
  <datafield tag="999" ind1=" " ind2=" ">
    <subfield code="c">3171</subfield>
    <subfield code="d">3171</subfield>
  </datafield>
  <datafield tag="952" ind1=" " ind2=" ">
    <subfield code="0">0</subfield>
    <subfield code="1">0</subfield>
    <subfield code="4">0</subfield>
    <subfield code="7">0</subfield>
    <subfield code="a">BRCA</subfield>
    <subfield code="b">BRCA</subfield>
    <subfield code="d">2009-04-13</subfield>
    <subfield code="i">QM544</subfield>
    <subfield code="l">0</subfield>
    <subfield code="o">724 .A49 1818 (QM544)</subfield>
    <subfield code="p">3432</subfield>
    <subfield code="r">2019-03-22 00:00:00</subfield>
    <subfield code="w">2019-03-22</subfield>
    <subfield code="y">B</subfield>
  </datafield>
</record>
